空房子 ( The empty house ) / (Record no. 10034)
[ view plain ]
| 000 -LEADER | |
|---|---|
| fixed length control field | 00762nam a22001937a 4500 |
| 001 - CONTROL NUMBER | |
| control field | 10034 |
| 003 - CONTROL NUMBER IDENTIFIER | |
| control field | FISKH |
| 005 - DATE AND TIME OF LATEST TRANSACTION | |
| control field | 20260401101619.0 |
| 008 - FIXED-LENGTH DATA ELEMENTS--GENERAL INFORMATION | |
| fixed length control field | 260331b cb ||||| |||| 00| 0 eng d |
| 020 ## - INTERNATIONAL STANDARD BOOK NUMBER | |
| International Standard Book Number | 9787802467538 |
| 040 ## - CATALOGING SOURCE | |
| Original cataloging agency | FISKH |
| Language of cataloging | chi |
| Transcribing agency | FISKH |
| Modifying agency | FISKH |
| 082 ## - DEWEY DECIMAL CLASSIFICATION NUMBER | |
| Classification number | 895.1 |
| 100 ## - MAIN ENTRY--PERSONAL NAME | |
| Personal name | 王晋元 |
| 245 ## - TITLE STATEMENT | |
| Title | 空房子 ( The empty house ) / |
| Statement of responsibility, etc. | 王晋元 |
| 300 ## - PHYSICAL DESCRIPTION | |
| Extent | 32 unnumbered pages : |
| Other physical details | color illustrations ; |
| Dimensions | 25 cm . |
| 520 ## - SUMMARY, ETC. | |
| Summary, etc. | 这是一本温暖的儿童绘本,讲述一间孤独的空房子想寻找陪伴的故事。小老鼠、小狗、小鸟等先后来到又离开,直到流浪汉的出现带来意想不到的结局。故事引导孩子学会面对失落与挫折,培养积极情绪。 |
| 942 ## - ADDED ENTRY ELEMENTS (KOHA) | |
| Source of classification or shelving scheme | Dewey Decimal Classification |
| Koha item type | Chinese Book |
| Suppress in OPAC | No |
| Withdrawn status | Lost status | Source of classification or shelving scheme | Damaged status | Not for loan | Collection | Home library | Current library | Shelving location | Date acquired | Total Checkouts | Full call number | Barcode | Date last seen | Price effective from | Koha item type |
|---|---|---|---|---|---|---|---|---|---|---|---|---|---|---|---|
| Dewey Decimal Classification | Reference | Footprints International School Library Network Toul Tom Poung Campus | Footprints International School Library Network Toul Tom Poung Campus | Librarian's Shelf TTP | 03/31/2026 | 茶茶 895.1 | 2026-0413 | 03/31/2026 | 03/31/2026 | Books |
